000 00304nam a22001457a 4500
008 211013b ||||| |||| 00| 0 eng d
020 _a0534505007
041 _aeng
080 _a371
082 _a371
100 _a46
101 _aEDU
245 _aLiving and Learning
_cCorey,G
942 _2udc
_cBK
999 _c58197
_d58197